Teaching of economics (Record no. 237493)

MARC details
000 -LEADER
fixed length control field 00446nam a2200193Ia 4500
003 - CONTROL NUMBER IDENTIFIER
control field OSt
005 - DATE AND TIME OF LATEST TRANSACTION
control field 20251212121703.0
008 - FIXED-LENGTH DATA ELEMENTS--GENERAL INFORMATION
fixed length control field 250729s2005 xx 000 0 und d
040 ## - CATALOGING SOURCE
Transcribing agency AL
041 ## - LANGUAGE CODE
Language code of text/sound track or separate title eng
082 ## - DEWEY DECIMAL CLASSIFICATION NUMBER
Classification number 930.7 KART
100 ## - MAIN ENTRY--PERSONAL NAME
Personal name Karthik G S
9 (RLIN) 226991
245 ## - TITLE STATEMENT
Title Teaching of economics
260 ## - PUBLICATION, DISTRIBUTION, ETC.
Place of publication, distribution, etc. New Delhi
Date of publication, distribution, etc. 2005
300 ## - PHYSICAL DESCRIPTION
Extent 285p
650 ## - SUBJECT ADDED ENTRY--TOPICAL TERM
Topical term or geographic name entry element Economics
9 (RLIN) 226992
700 ## - ADDED ENTRY--PERSONAL NAME
Personal name Rao Digumurthi
9 (RLIN) 226993
942 ## - ADDED ENTRY ELEMENTS (KOHA)
Source of classification or shelving scheme Dewey Decimal Classification
Koha item type School of Education
Holdings
Withdrawn status Lost status Damaged status Not for loan Home library Current library Date acquired Source of acquisition Cost, normal purchase price Total Checkouts Full call number Barcode Date last seen Cost, replacement price Price effective from Koha item type
        St Aloysius Library St Aloysius Library 07/29/2025 Sita Book House 400.00   930.7 KART BED02812 07/29/2025 400.00 07/29/2025 Book